| 000 | 00630nam a22001937a 4500 | ||
|---|---|---|---|
| 999 |
_c165254 _d165254 |
||
| 005 | 20190612145754.0 | ||
| 010 | _aENG-125545 | ||
| 020 | _c300.00 | ||
| 035 | _aEN-109077 | ||
| 037 | _bDBAD/PUB | ||
| 082 | _a620.11 | ||
| 100 | _aSrinivasan, R | ||
| 245 |
_aEngineering Materials and Metallurgy / _cby R Srinivasan |
||
| 260 |
_aChennai _bVijay Nicole Imprint |
||
| 270 |
_a No.936, second floor, jayadurga Complex, bazar Road, Ram Nagar _bChennai _mvni@vijaydurganicole.co.in |
||
| 300 |
_axxii,238p. _c21cm(pbk) |
||
| 500 | _ainclude bibliography reference and index | ||
| 942 |
_2ddc _cEN _h620.11 _mSRI |
||